Risk assessment and risk management for the chemical process industry (Record no. 30023)

000 -LEADER
fixed length control field 00639nam a22002177a 4500
001 - CONTROL NUMBER
control field 30023
003 - CONTROL NUMBER IDENTIFIER
control field BD-DhUET
008 - FIXED-LENGTH DATA ELEMENTS--GENERAL INFORMATION
fixed length control field 150618b xxu||||| |||| 00| 0 eng d
020 ## - INTERNATIONAL STANDARD BOOK NUMBER
International Standard Book Number 0471288829
040 ## - CATALOGING SOURCE
Transcribing agency 0
Modifying agency BD-DhUET
082 ## - DEWEY DECIMAL CLASSIFICATION NUMBER
Classification number 660.28
Item number GRE/1991
100 ## - MAIN ENTRY--PERSONAL NAME
Personal name Greenberg, Harris R.
245 ## - TITLE STATEMENT
Title Risk assessment and risk management for the chemical process industry
Remainder of title stone & webster engineering corporation
250 ## - EDITION STATEMENT
Edition statement 1st ed.
260 ## - PUBLICATION, DISTRIBUTION, ETC. (IMPRINT)
Place of publication, distribution, etc. New York
Name of publisher, distributor, etc. John Wiley
Date of publication, distribution, etc. 1991
300 ## - PHYSICAL DESCRIPTION
Extent 369 p.
Other physical details ill.
504 ## - BIBLIOGRAPHY, ETC. NOTE
Bibliography, etc Includes bibliographies
650 #0 - SUBJECT ADDED ENTRY--TOPICAL TERM
Topical term or geographic name as entry element Chemical plants - Risk assessment
700 ## - ADDED ENTRY--PERSONAL NAME
Personal name Cramer, Joseph J.
942 ## - ADDED ENTRY ELEMENTS (KOHA)
Koha item type Edited Book
Holdings
Location (home branch) Sublocation or collection (holding branch) Damaged status Koha date last seen Copy number Shelving location Koha normalized classification for sorting Piece designation (barcode) Koha full call number Lost status Price effective from Withdrawn status Source of classification or shelving scheme Date acquired Koha item type Not for loan
Central Library, BUETCentral Library, BUET 2015-06-181Reading section660_280000000000000_GRE_199198676660.28/GRE/1991 2015-06-18  2015-06-18Reading Item